00913 2200313 4500001002100000005001500021035002000036007000300056008004100059020002200100040002200122082001400144084001600158090002000174090002200194100002200216245006600238250003100304300004000335650003200375700002600407850001200433264003600445336002100481337003000502338002300532999002200555990002200577INLIS00000000085547920200331103946 a0010-0320000806ta200331s2019 yoia gr ind d a978-623-7210-48-1 aYOPDYOGbinderda04223a372.4 a372.4 RIN s aDEP 372.4 RIN s aCB-D.11 2019-2503 aRincKakepenulis10a100 kata pertama fauna /cpenulis, Rin; penyunting, Karin Lee aCetakan pertama: Juli 2019 a[200] halaman :bilustrasi ;c15 cm 4aPendidikan dasar--xMembaca0 aKarin Leeepenyunting aYOPDYOG31aYogyakarta :bPlayground,c2019 2rdacontentateks 2rdamediaatanpa perantara 2rdacarrieravolume aCB-D.11/2019-2503 aCB-D.11/2019-2503